[Event "Capablanca"]
[Site "Charlesbourg CAN"]
[Date "2006.01.16"]
[Round "1"]
[White "Tremblay, Rejean"]
[Black "Chouinard, Marc"]
[Result "1-0"]
[WhiteElo "2268"]
[BlackElo "1687"]
[PlyCount "45"]
[EventDate "2006.01.16"]
[EventType "swiss"]
[EventRounds "5"]
[EventCountry "CAN"]

1. d4 d5 2. c4 e6 3. Nc3 Nf6 4. Bg5 Be7 5. Rc1 O-O 6. e3 Nbd7 7. Nf3 b6 8. cxd5
exd5 9. Bd3 Bb7 10. O-O Rc8 11. Bf5 g6 12. Bh3 Ra8 13. Bh6 Re8 14. Ne5 c5 15.
f4 cxd4 16. exd4 Nxe5 17. fxe5 Nh5 18. Qf3 f5 19. Bxf5 Bg5 20. Bxg6 hxg6 21.
Qf7+ Kh8 22. Qxg6 Bxc1 23. Rf7 1-0

[Event "Capablanca"]
[Site "Charlesbourg CAN"]
[Date "2006.01.23"]
[Round "2"]
[White "Bourassa, Samuel"]
[Black "Tremblay, Rejean"]
[Result "0-1"]
[WhiteElo "1803"]
[BlackElo "2268"]
[PlyCount "80"]
[EventDate "2006.01.16"]
[EventType "swiss"]
[EventRounds "5"]
[EventCountry "CAN"]

1. e4 c5 2. Nf3 d6 3. d4 cxd4 4. Nxd4 Nf6 5. Nc3 a6 6. a4 Nc6 7. Bg5 e6 8. Be2
Be7 9. Be3 Bd7 10. O-O O-O 11. f4 Qc7 12. g4 Nxd4 13. Bxd4 e5 14. Be3 Bc6 15.
Bd3 exf4 16. Rxf4 Nd7 17. Rf3 Bf6 18. g5 Be5 19. Rh3 g6 20. Qg4 Rae8 21. Qh4 h5
22. gxh6 Kh7 23. Ne2 Bxb2 24. Rf1 Ne5 25. Ng3 Nxd3 26. cxd3 Bh8 27. Qf4 Qd7 28.
Nh5 gxh5 29. Rg3 f5 30. Rg5 Rg8 31. h4 Bf6 32. Qxf5+ Qxf5 33. Rfxf5 Bxg5 34.
hxg5 Ref8 35. Kh2 Kg6 36. Bd4 d5 37. Re5 dxe4 38. dxe4 Re8 39. Rf5 Bxe4 40. Rc5
Rc8 0-1

[Event "Capablanca"]
[Site "Charlesbourg CAN"]
[Date "2006.01.30"]
[Round "3"]
[White "Tremblay, Rejean"]
[Black "Caron, Sebastien"]
[Result "1-0"]
[WhiteElo "2268"]
[BlackElo "1865"]
[PlyCount "73"]
[EventDate "2006.01.16"]
[EventType "swiss"]
[EventRounds "5"]
[EventCountry "CAN"]

1. d4 Nf6 2. c4 c5 3. Nf3 g6 4. Nc3 cxd4 5. Nxd4 Bg7 6. e4 d6 7. Be2 a6 8. Be3
Nbd7 9. O-O O-O 10. Qd2 Nc5 11. f3 Bd7 12. Rfd1 Na4 13. Nd5 Nxd5 14. cxd5 b5
15. Rac1 Rc8 16. b3 Nc5 17. Rc2 Bxd4 18. Bxd4 f6 19. Rdc1 Nb7 20. Rxc8 Bxc8 21.
Qc3 Qd7 22. Qc7 Qxc7 23. Rxc7 Re8 24. Bb6 Kf8 25. a4 Nc5 26. Bxc5 dxc5 27. axb5
axb5 28. Bxb5 Rd8 29. Rxc5 f5 30. e5 f4 31. b4 Bf5 32. Bc6 Rb8 33. b5 Kf7 34.
Rc3 g5 35. Ra3 h5 36. h3 h4 37. Kf2 1-0

[Event "Capablanca"]
[Site "Charlesbourg CAN"]
[Date "2006.02.06"]
[Round "4"]
[White "Cote, Jocelyn"]
[Black "Tremblay, Rejean"]
[Result "0-1"]
[WhiteElo "1689"]
[BlackElo "2268"]
[PlyCount "72"]
[EventDate "2006.01.16"]
[EventType "swiss"]
[EventRounds "5"]
[EventCountry "CAN"]

1. d4 Nf6 2. c4 g6 3. Nc3 Bg7 4. e4 d6 5. Nf3 O-O 6. Be2 e5 7. O-O Nc6 8. d5
Ne7 9. Ne1 Nd7 10. b4 f5 11. f3 a5 12. Qb3 Kh8 {[%emt 0:00:00]} 13. Be3 axb4
14. Qxb4 b6 15. a4 Ng8 16. Qb2 f4 17. Bf2 h5 18. Kh1 Rf7 19. Nd3 g5 20. Rg1
Ndf6 21. Qd2 Bh6 22. Qe1 Ne7 23. Nb4 Bd7 24. Nb5 Rg7 25. Ra3 g4 26. g3 gxf3 27.
Bxf3 Ng4 28. Bd1 Ng6 29. Rg2 fxg3 30. hxg3 Nxf2+ 31. Rxf2 Rh7 32. Rh2 h4 33.
gxh4 Bf4 34. Rah3 Bxh2 35. Rxh2 Bxb5 36. cxb5 Rxh4 0-1

[Event "Carnaval"]
[Site "Quebec CAN"]
[Date "2006.02.17"]
[Round "1"]
[White "Arteau, Benoit"]
[Black "Berube, Antoine"]
[Result "1/2-1/2"]
[WhiteElo "1918"]
[BlackElo "2158"]
[PlyCount "150"]
[EventDate "2006.02.17"]
[EventType "swiss"]
[EventRounds "5"]
[EventCountry "CAN"]

1. d4 d5 2. c4 c6 3. Nc3 Nf6 4. Nf3 e6 5. e3 Nbd7 6. Qc2 Bd6 7. Bd3 O-O 8. cxd5
exd5 9. O-O Re8 10. e4 dxe4 11. Nxe4 Nxe4 12. Bxe4 h6 13. Be3 Nf6 14. Bd3 Nd5
15. Rae1 Bg4 16. Nd2 Qh4 17. g3 Qh5 18. Be4 Be2 19. Qb3 Bxf1 20. Rxf1 Nb6 21.
a4 Qa5 22. Bc2 Bf8 23. Ne4 Rxe4 24. Bxe4 Qxa4 25. Qd3 Qc4 26. Qb1 Nd5 27. Bd3
Qb3 28. Bc2 Qb4 29. Qa2 a6 30. Rd1 Re8 31. Bb3 Rd8 32. Bd2 Qd6 33. Re1 Qf6 34.
Be3 g6 35. Bd1 Bg7 36. Qb3 Qe7 37. Bf3 Qb4 38. Qxb4 Nxb4 39. Rd1 Nd5 40. Kf1 f5
41. Ke2 Kf7 42. Bg2 Rd7 43. Rd3 Ke6 44. Rd1 g5 45. Rd2 f4 46. Bh3+ Ke7 47. Bxd7
Kxd7 48. gxf4 gxf4 49. h3 Bf6 50. Rd3 fxe3 51. fxe3 Bg5 52. Rb3 Bxe3 53. Rxb7+
Kd6 54. Kd3 Bg5 55. Ke4 Nc7 56. Rb8 a5 57. Rg8 Nd5 58. Ra8 Bd2 59. Kd3 Bc1 60.
Kc2 Be3 61. Kd3 Bg5 62. Ke4 Bc1 63. Rxa5 Bxb2 64. Ra8 Bc1 65. Rh8 Bd2 66. Rd8+
Ke6 67. Rc8 Kd7 68. Rf8 Bg5 69. Rf7+ Ke6 70. Rf3 Nf6+ 71. Kd3 Kd5 72. Rf5+ Kd6
73. h4 Bxh4 74. Rf4 Bg5 75. Rf5 Nd5 1/2-1/2

[Event "Carnaval"]
[Site "Quebec CAN"]
[Date "2006.02.17"]
[Round "1"]
[White "Audet-Bouchard, Nicolas"]
[Black "Beaudoin, Stephane"]
[Result "1-0"]
[WhiteElo "2203"]
[BlackElo "1985"]
[PlyCount "49"]
[EventDate "2006.02.17"]
[EventType "swiss"]
[EventRounds "5"]
[EventCountry "CAN"]

1. e4 g6 2. d4 Bg7 3. Nc3 d6 4. Be3 Nd7 5. f4 b6 6. Nf3 c5 7. Bc4 Nh6 8. Qe2
O-O 9. h3 a6 10. a4 Bb7 11. g4 e6 12. g5 Nf5 13. exf5 cxd4 14. f6 Bxf6 15. gxf6
Qxf6 16. O-O dxe3 17. Qxe3 Rac8 18. Bd3 Nc5 19. Qd4 Qe7 20. Ne4 Nxe4 21. Bxe4
d5 22. Bd3 Rc7 23. Ne5 Rfc8 24. Ng4 f5 25. Nh6+ 1-0

[Event "Carnaval"]
[Site "Quebec CAN"]
[Date "2006.02.17"]
[Round "1"]
[White "Caire, Francois"]
[Black "Angers, Gilles"]
[Result "1/2-1/2"]
[WhiteElo "2186"]
[BlackElo "1946"]
[PlyCount "35"]
[EventDate "2006.02.17"]
[EventType "swiss"]
[EventRounds "5"]
[EventCountry "CAN"]

1. d4 Nf6 2. c4 c5 3. e3 g6 4. Nf3 Bg7 5. Nc3 cxd4 6. exd4 O-O 7. Be2 d5 8. h3
Nc6 9. O-O Be6 10. Bg5 h6 11. Bxf6 Bxf6 12. Rc1 Na5 13. cxd5 Bxd5 14. Nxd5 Qxd5
15. Qd2 Nc6 16. Qxh6 Nxd4 17. Nxd4 Qxd4 18. Bc4 1/2-1/2

[Event "Carnaval"]
[Site "Quebec CAN"]
[Date "2006.02.17"]
[Round "1"]
[White "Clark, Stephen"]
[Black "Caron, Sebastien"]
[Result "1/2-1/2"]
[WhiteElo "2102"]
[BlackElo "1845"]
[PlyCount "48"]
[EventDate "2006.02.17"]
[EventType "swiss"]
[EventRounds "5"]
[EventCountry "CAN"]

1. d4 Nf6 2. Nf3 g6 3. Bf4 d6 4. e3 Bg7 5. h3 Nbd7 6. Be2 a6 7. Nbd2 O-O 8. O-O
Nd5 9. Bh2 e5 10. dxe5 dxe5 11. Nc4 N5b6 12. Ncxe5 Nxe5 13. Bxe5 Bxe5 14. Qxd8
Rxd8 15. Nxe5 Be6 16. Bf3 c6 17. Rfd1 Kg7 18. Nd3 Nd7 19. b3 f6 20. Nf4 Bg8 21.
Bg4 f5 22. Be2 Nf6 23. f3 g5 24. Nd3 Nd5 1/2-1/2

[Event "Carnaval"]
[Site "Quebec CAN"]
[Date "2006.02.17"]
[Round "1"]
[White "Lemieux, Pierre"]
[Black "Tremblay, Rejean"]
[Result "1/2-1/2"]
[WhiteElo "1972"]
[BlackElo "2188"]
[PlyCount "62"]
[EventDate "2006.02.17"]
[EventType "swiss"]
[EventRounds "5"]
[EventCountry "CAN"]

1. d4 Nf6 2. Nf3 g6 3. Bf4 Bg7 4. h3 O-O 5. c3 d6 6. e3 e6 7. Nbd2 Qe7 8. Bc4
Nbd7 9. Qe2 e5 10. dxe5 dxe5 11. Bh2 a6 12. a4 b6 13. O-O Bb7 14. Rfd1 h6 15.
Ne1 Kh7 16. Nc2 Nc5 17. b4 Nce4 18. Nxe4 Nxe4 19. Qe1 Rfd8 20. f3 Nxc3 21. Qxc3
e4 22. Qe1 Bxa1 23. Rxa1 exf3 24. gxf3 Bxf3 25. Qf2 Bd5 26. Be2 f5 27. Rc1 Be4
28. Nd4 Rd7 29. Qf4 Qxb4 30. Rxc7 Qe7 31. Kf2 b5 1/2-1/2

[Event "Carnaval"]
[Site "Quebec CAN"]
[Date "2006.02.17"]
[Round "1"]
[White "Sauve, Richard"]
[Black "Larochelle, Martial"]
[Result "1/2-1/2"]
[WhiteElo "1883"]
[BlackElo "2122"]
[PlyCount "97"]
[EventDate "2006.02.17"]
[EventType "swiss"]
[EventRounds "5"]
[EventCountry "CAN"]

1. d4 Nf6 2. c4 g6 3. Nc3 d5 4. cxd5 Nxd5 5. e4 Nxc3 6. bxc3 Bg7 7. Bd3 c5 8.
Ne2 O-O 9. Be3 cxd4 10. cxd4 Nc6 11. Qa4 Bd7 12. Qa3 Bg4 13. f3 Be6 14. Rd1 Bd7
15. O-O e6 16. Rb1 b6 17. Rfc1 Re8 18. Ba6 Na5 19. Qd6 Bc8 20. Qxd8 Rxd8 21.
Bd3 Bb7 22. Rc7 Rac8 23. Rbc1 Rxc7 24. Rxc7 Rc8 25. Rd7 a6 26. d5 exd5 27. exd5
Re8 28. Bxb6 Bc8 29. Ra7 Nb7 30. Bxa6 Nd6 31. Bxc8 Rxe2 32. Ba6 Rxa2 33. Ra8+
Bf8 34. Bc5 Kg7 35. Bd4+ f6 36. Ra7+ Nf7 37. Bc4 Rxa7 38. Bxa7 Nd6 39. Bd3 Kf7
40. Kf2 Nc8 41. Bd4 Bb4 42. Ke3 Nd6 43. h4 h5 44. g3 Be1 45. Kf4 Bd2+ 46. Be3
Bc3 47. Bf2 Bd2+ 48. Be3 Bc3 49. Bf2 1/2-1/2

[Event "Carnaval"]
[Site "Quebec CAN"]
[Date "2006.02.18"]
[Round "2"]
[White "Berube, Antoine"]
[Black "Sauve, Richard"]
[Result "1-0"]
[WhiteElo "2158"]
[BlackElo "1883"]
[PlyCount "115"]
[EventDate "2006.02.17"]
[EventType "swiss"]
[EventRounds "5"]
[EventCountry "CAN"]

1. d4 d5 2. c4 e6 3. Nc3 c6 4. Nf3 dxc4 5. a4 Bb4 6. Bd2 b5 7. e3 Qe7 8. axb5
Bxc3 9. Bxc3 cxb5 10. d5 Nf6 11. d6 Qb7 12. b3 Nbd7 13. bxc4 bxc4 14. Bxc4 O-O
15. O-O Qe4 16. Qe2 Bb7 17. Rab1 Rfc8 18. Bd3 Qc6 19. Rfc1 Ne4 20. Bd2 Qd5 21.
Bc4 Qc6 22. Bd3 Qd5 23. Bc4 Qc6 24. Bxe6 Qxd6 25. Bxf7+ Kxf7 26. Rxb7 Nxd2 27.
Rxc8 Rxc8 28. Qxd2 Qxd2 29. Nxd2 Rc1+ 30. Nf1 Ke6 31. Rxa7 Ne5 32. Rxg7 Nc4 33.
g3 Nd2 34. Kg2 Rxf1 35. Rxh7 Re1 36. Rb7 Ne4 37. Rb2 Nf6 38. h4 Kf5 39. Rb4 Ra1
40. Kf3 Rg1 41. Rb5+ Kg6 42. Ra5 Rb1 43. Rg5+ Kh6 44. Re5 Kg6 45. g4 Rg1 46. g5
Ng4 47. Re8 Nh2+ 48. Ke2 Rg2 49. Rh8 Kg7 50. Rd8 Kg6 51. Rd6+ Kg7 52. Rb6 Rg4
53. Rh6 Rg2 54. Rd6 Rg4 55. Rd4 Rg2 56. Rf4 Kg6 57. e4 Ng4 58. Kf3 1-0

[Event "Carnaval"]
[Site "Quebec CAN"]
[Date "2006.02.18"]
[Round "2"]
[White "Boudreau, Daniel"]
[Black "Caire, Francois"]
[Result "0-1"]
[WhiteElo "1962"]
[BlackElo "2186"]
[PlyCount "47"]
[EventDate "2006.02.17"]
[EventType "swiss"]
[EventRounds "5"]
[EventCountry "CAN"]

1. e4 c5 2. Nf3 Nf6 3. Nc3 d5 4. Bb5+ Bd7 5. Bxd7+ Qxd7 6. e5 Ng8 7. d4 e6 8.
O-O Nc6 9. Ne2 cxd4 10. Nexd4 Bc5 11. c3 Nge7 12. Re1 Bb6 13. Bf4 Nxd4 14. cxd4
Nc6 15. Be3 Rc8 16. Rc1 O-O 17. Ng5 Nb4 18. a3 Rxc1 19. Bxc1 Nc6 20. Be3 h6 21.
Nf3 Rc8 22. b4 Ne7 23. Qd3 Qc6 24. Rc1 0-1

[Event "Carnaval"]
[Site "Quebec CAN"]
[Date "2006.02.18"]
[Round "2"]
[White "Larochelle, Martial"]
[Black "Ouellet, Michel"]
[Result "1-0"]
[WhiteElo "2122"]
[BlackElo "1886"]
[PlyCount "85"]
[EventDate "2006.02.17"]
[EventType "swiss"]
[EventRounds "5"]
[EventCountry "CAN"]

1. Nf3 Nf6 2. c4 c5 3. Nc3 g6 4. e4 d6 5. d4 cxd4 6. Nxd4 Bg7 7. Be2 Nc6 8. Be3
O-O 9. O-O Bd7 10. f3 Ne8 11. Qd2 Nc7 12. Nc2 Ne6 13. b4 Rc8 14. f4 b6 15. Rab1
Re8 16. Nd5 Nc7 17. Rbc1 Nxd5 18. cxd5 Nb8 19. Bd4 e5 20. dxe6 Bxe6 21. Bxg7
Kxg7 22. Ne3 Qe7 23. f5 Rxc1 24. Qxc1 Bxf5 25. Rxf5 Qxe4 26. Qc3+ Kg8 27. Rf3
Nd7 28. Bd3 Qe5 29. Qb3 Re7 30. Qd5 Qa1+ 31. Rf1 Qe5 32. Qxe5 dxe5 33. Bc4 Kg7
34. Nd5 Re8 35. Nc7 Rf8 36. Ne8+ Kg8 37. Nd6 Kg7 38. Nxf7 e4 39. Ng5 Rxf1+ 40.
Kxf1 Nf6 41. Ke2 Ng4 42. Nxe4 Nxh2 43. Be6 1-0

[Event "Carnaval"]
[Site "Quebec CAN"]
[Date "2006.02.18"]
[Round "2"]
[White "Masse, Hugues"]
[Black "Laflamme, Simon"]
[Result "1-0"]
[WhiteElo "2296"]
[BlackElo "2001"]
[PlyCount "77"]
[EventDate "2006.02.17"]
[EventType "swiss"]
[EventRounds "5"]
[EventCountry "CAN"]

1. d4 Nf6 2. c4 Nc6 3. Nf3 e6 4. Nc3 Bb4 5. Qc2 O-O 6. Bg5 h6 7. Bh4 d6 8.
O-O-O Qe7 9. Bxf6 Qxf6 10. Nb1 e5 11. a3 Ba5 12. b4 Bb6 13. c5 a5 14. b5 Nxd4
15. Nxd4 Bxc5 16. Nf3 Bxf2 17. e4 Be3+ 18. Nbd2 d5 19. Bd3 Qd6 20. Kb2 Bc5 21.
a4 c6 22. Kb1 Be6 23. exd5 cxd5 24. Nc4 Qe7 25. Ncxe5 Rac8 26. Qb2 Bb4 27. Rhf1
Bc3 28. Qb3 d4 29. Bc4 Bxc4 30. Nxc4 Rxc4 31. Qxc4 Qa3 32. Qa2 Qb4+ 33. Kc2 Rc8
34. Rb1 d3+ 35. Kd1 Qe4 36. Rc1 Rc4 37. Re1 Bd2 38. Rxe4 Rxc1+ 39. Kxd2 1-0

[Event "Carnaval"]
[Site "Quebec CAN"]
[Date "2006.02.18"]
[Round "3"]
[White "Arteau, Benoit"]
[Black "Lessard, Claude"]
[Result "1-0"]
[WhiteElo "1918"]
[BlackElo "2030"]
[PlyCount "105"]
[EventDate "2006.02.17"]
[EventType "swiss"]
[EventRounds "5"]
[EventCountry "CAN"]

1. d4 e6 2. Nf3 f5 3. Nc3 d5 4. Bf4 Bd6 5. Be5 Nf6 6. e3 O-O 7. Nb5 Ne4 8. Bd3
Bxe5 9. Nxe5 Nd7 10. Nxd7 Bxd7 11. Qe2 a6 12. Na3 c5 13. c3 cxd4 14. exd4 Qg5
15. O-O Rf6 16. f3 Nd6 17. Nc2 Raf8 18. Ne3 Rh6 19. Rf2 Rff6 20. Re1 Rh4 21.
Nf1 Rfh6 22. Qe5 Qe7 23. Rfe2 f4 24. Qxd5 R4h5 25. Re5 g5 26. Qa5 Nf7 27. Rc5
e5 28. Bc4 b6 29. Rcxe5 Qd6 30. Qd5 Qxd5 31. Bxd5 Rd6 32. Nd2 Kg7 33. Bxf7 Kxf7
34. Ne4 Rg6 35. Nf2 Rd6 36. Nd3 a5 37. Nxf4 Rh4 38. Nd3 g4 39. g3 Rhh6 40. f4
Bc6 41. Rg5 Bd5 42. c4 Bb7 43. d5 b5 44. c5 Rxd5 45. Rxd5 Bxd5 46. Ne5+ Kf8 47.
Nxg4 Rc6 48. Ne5 Rc7 49. a3 Kg7 50. b4 axb4 51. axb4 Kf6 52. Rd1 Ke6 53. Kf2
1-0

[Event "Carnaval"]
[Site "Quebec CAN"]
[Date "2006.02.18"]
[Round "3"]
[White "Audet-Bouchard, Nicolas"]
[Black "Champetier, Serge"]
[Result "1-0"]
[WhiteElo "2203"]
[BlackElo "2037"]
[PlyCount "99"]
[EventDate "2006.02.17"]
[EventType "swiss"]
[EventRounds "5"]
[EventCountry "CAN"]

1. e4 d6 2. d4 Nf6 3. Nc3 g6 4. Be3 c6 5. Qd2 b5 6. Bd3 Nbd7 7. Nf3 Nb6 8. h3
Nc4 9. Bxc4 bxc4 10. O-O Bg7 11. Bh6 O-O 12. Bxg7 Kxg7 13. e5 dxe5 14. Nxe5 c5
15. Rfd1 cxd4 16. Nxc4 Bf5 17. Qf4 dxc3 18. Rxd8 cxb2 19. Nxb2 Rfxd8 20. c4
Rab8 21. Nd1 Rbc8 22. Ne3 Be6 23. Rc1 Rc5 24. Rb1 a6 25. Rb7 Rd7 26. Rb6 g5 27.
Qb8 Bxc4 28. Nxc4 Rxc4 29. Rxa6 Rd1+ 30. Kh2 Rf4 31. Qe5 h6 32. f3 e6 33. Ra7
Kg6 34. Qc7 Rd7 35. Qc2+ Kg7 36. Rxd7 Nxd7 37. a4 Rf5 38. Qc3+ Kf8 39. a5 Rc5
40. Qb4 Ke8 41. a6 Rc7 42. Qd4 e5 43. Qd6 Ra7 44. Qxh6 f6 45. Qh8+ Ke7 46. Qc8
Kd6 47. g3 Rc7 48. Qa8 Kc5 49. a7 Kb6 50. Qd8 1-0

[Event "Carnaval"]
[Site "Quebec CAN"]
[Date "2006.02.18"]
[Round "3"]
[White "Auger, Bertrand"]
[Black "Tremblay, Yves"]
[Result "1-0"]
[WhiteElo "2013"]
[BlackElo "1350"]
[PlyCount "91"]
[EventDate "2006.02.17"]
[EventType "swiss"]
[EventRounds "5"]
[EventCountry "CAN"]

1. Nf3 b6 2. g3 Bb7 3. Bg2 d6 4. O-O Nd7 5. d4 e6 6. c4 h6 7. Nc3 Ne7 8. d5 e5
9. e4 g5 10. Ne1 Ng6 11. Nd3 a6 12. Be3 h5 13. Qd2 Be7 14. f4 gxf4 15. gxf4 Nh4
16. Bh3 Rg8+ 17. Kh1 Bf6 18. fxe5 Bxe5 19. Qf2 Qe7 20. Bxd7+ Kxd7 21. Nxe5+
dxe5 22. Qxf7 Raf8 23. Qxe7+ Kxe7 24. Rxf8 Kxf8 25. Rf1+ Ke7 26. Ne2 Ng2 27.
Bh6 Bc8 28. Ng3 h4 29. Kxg2 hxg3 30. hxg3 Bd7 31. b4 Ba4 32. Rf5 Bc2 33. Rxe5+
Kd7 34. c5 bxc5 35. bxc5 Rb8 36. c6+ Kd6 37. Bf4 Kc5 38. Be3+ Kc4 39. Re7 Rc8
40. Bf4 Kb4 41. Bxc7 Rxc7 42. Rxc7 Bxe4+ 43. Kf2 Bxd5 44. Rc8 Kb5 45. c7 Kc6
46. Rd8 1-0

[Event "Carnaval"]
[Site "Quebec CAN"]
[Date "2006.02.18"]
[Round "3"]
[White "Caron, Sebastien"]
[Black "Chevalier, Francois"]
[Result "1-0"]
[WhiteElo "1845"]
[BlackElo "1730"]
[PlyCount "69"]
[EventDate "2006.02.17"]
[EventType "swiss"]
[EventRounds "5"]
[EventCountry "CAN"]

1. e4 e6 2. d4 d5 3. Nd2 Be7 4. e5 c5 5. c3 Nc6 6. Nb3 cxd4 7. cxd4 a5 8. Qg4
Bb4+ 9. Nd2 Kf8 10. a3 Be7 11. Ndf3 a4 12. Bd3 Bd7 13. Ne2 f5 14. Qf4 Nh6 15.
h3 Nf7 16. h4 Nh6 17. Ng5 Nf7 18. g4 Nxg5 19. hxg5 g6 20. gxf5 exf5 21. Qe3 Be6
22. Nf4 Kf7 23. Nxe6 Kxe6 24. Bd2 Qb6 25. Bc3 Raf8 26. f4 Bd8 27. Bc2 Qa6 28.
Qe2 b5 29. Bd3 Na7 30. Rh6 Rf7 31. Qh2 Rg7 32. Qh3 Bb6 33. Bxf5+ Kf7 34. Bd7
Kf8 35. Bb4+ 1-0

[Event "Carnaval"]
[Site "Quebec CAN"]
[Date "2006.02.18"]
[Round "3"]
[White "Lemire-Paquin, Alexandre"]
[Black "Boudreau, Daniel"]
[Result "1-0"]
[WhiteElo "2017"]
[BlackElo "1962"]
[PlyCount "88"]
[EventDate "2006.02.17"]
[EventType "swiss"]
[EventRounds "5"]
[EventCountry "CAN"]

1. d4 Nf6 2. c4 e6 3. Nf3 b6 4. a3 Ne4 5. Nbd2 Bb7 6. Nxe4 Bxe4 7. Nd2 Bg6 8.
g3 c5 9. Bg2 Nc6 10. d5 Nd4 11. e4 e5 12. O-O h5 13. f4 f6 14. fxe5 fxe5 15.
Nf3 Nxf3+ 16. Qxf3 Be7 17. h4 Rf8 18. Qe2 Rxf1+ 19. Qxf1 Qc7 20. Qd1 O-O-O 21.
Bf3 Rh8 22. Bd2 Bf7 23. b4 g5 24. hxg5 Qd8 25. Qa4 Kb8 26. bxc5 Bxc5+ 27. Kg2
Be7 28. Rb1 d6 29. Be3 Bxg5 30. Bf2 Qc7 31. Qa5 Bd8 32. c5 dxc5 33. Bxc5 Rg8
34. Qb4 Ka8 35. Bf2 h4 36. g4 Bh5 37. Kh3 Qf7 38. Qc3 Qd7 39. Rg1 Rf8 40. Qe3
Be7 41. Bxh4 Bc5 42. Qh6 Rxf3+ 43. Rg3 Qxg4+ 44. Kg2 Rf2+ 1-0

[Event "Carnaval"]
[Site "Quebec CAN"]
[Date "2006.02.18"]
[Round "3"]
[White "Tessier, Olivier"]
[Black "Masse, Hugues"]
[Result "1/2-1/2"]
[WhiteElo "2133"]
[BlackElo "2296"]
[PlyCount "71"]
[EventDate "2006.02.17"]
[EventType "swiss"]
[EventRounds "5"]
[EventCountry "CAN"]

1. d4 Nf6 2. c4 g6 3. Nc3 d5 4. cxd5 Nxd5 5. e4 Nxc3 6. bxc3 Bg7 7. Bc4 c5 8.
Ne2 Nc6 9. Be3 O-O 10. h4 cxd4 11. cxd4 Qd6 12. Rb1 Rd8 13. e5 Qc7 14. Qc1 Bf5
15. Rb3 Rac8 16. Rc3 Qd7 17. h5 Nb4 18. Kf1 Bxe5 19. f3 Bg7 20. g4 Be6 21. hxg6
fxg6 22. Bh6 Bh8 23. Bxe6+ Qxe6 24. Nf4 Qd7 25. Rxc8 Rxc8 26. Qb1 Qxd4 27. Nxg6
Qc4+ 28. Kg2 Qc2+ 29. Kg3 Qxb1 30. Nxe7+ Kf7 31. Rxb1 Kxe7 32. Rxb4 b6 33. Ra4
Be5+ 34. Bf4 Bxf4+ 35. Kxf4 a5 36. Re4+ 1/2-1/2

[Event "Carnaval"]
[Site "Quebec CAN"]
[Date "2006.02.19"]
[Round "4"]
[White "Berube, Antoine"]
[Black "Ouellet, Michel"]
[Result "1-0"]
[WhiteElo "2158"]
[BlackElo "1886"]
[PlyCount "85"]
[EventDate "2006.02.17"]
[EventType "swiss"]
[EventRounds "5"]
[EventCountry "CAN"]

1. d4 Nf6 2. c4 d6 3. Nc3 g6 4. e4 Bg7 5. f3 Nc6 6. Be3 e5 7. d5 Ne7 8. Bd3 Nh5
9. Nge2 f5 10. Qd2 f4 11. Bf2 O-O 12. O-O-O Kh8 13. c5 g5 14. g4 Nf6 15. Kb1
Ng6 16. cxd6 cxd6 17. Rc1 Rf7 18. Rc2 a6 19. Na4 b5 20. Nb6 Rb8 21. Nxc8 Rxc8
22. Rhc1 Rxc2 23. Qxc2 Nh4 24. Ng1 Bf8 25. Qc8 Qa5 26. Qc3 Qd8 27. Qc6 Qa5 28.
Be1 Qa4 29. Bc3 Nxf3 30. b3 Qa3 31. Nxf3 h6 32. h3 Nd7 33. Bb2 Qb4 34. Qc3 Qxc3
35. Rxc3 Nc5 36. Ba3 Nxd3 37. Rxd3 Rc7 38. Bb4 Kg7 39. Rc3 Rd7 40. Rc6 Kf6 41.
Rxa6 h5 42. Ra8 hxg4 43. hxg4 1-0

[Event "Carnaval"]
[Site "Quebec CAN"]
[Date "2006.02.19"]
[Round "4"]
[White "Chabot, Roland"]
[Black "Caire, Francois"]
[Result "1-0"]
[WhiteElo "2262"]
[BlackElo "2186"]
[PlyCount "41"]
[EventDate "2006.02.17"]
[EventType "swiss"]
[EventRounds "5"]
[EventCountry "CAN"]

1. d4 Nf6 2. c4 e6 3. Nc3 Bb4 4. e3 b6 5. Nge2 Ba6 6. a3 Be7 7. Nf4 d5 8. cxd5
Bxf1 9. dxe6 Ba6 10. exf7+ Kxf7 11. e4 Nc6 12. Be3 Qc8 13. e5 Ng8 14. Qf3 Na5
15. Ne6+ Ke8 16. Nxg7+ Kd7 17. e6+ Kd8 18. Qd5+ Bd6 19. Bg5+ Ne7 20. Bxe7+ Kxe7
21. Qg5+ 1-0

[Event "Carnaval"]
[Site "Quebec CAN"]
[Date "2006.02.19"]
[Round "4"]
[White "Larochelle, Martial"]
[Black "Arteau, Benoit"]
[Result "1-0"]
[WhiteElo "2122"]
[BlackElo "1918"]
[PlyCount "131"]
[EventDate "2006.02.17"]
[EventType "swiss"]
[EventRounds "5"]
[EventCountry "CAN"]

1. Nf3 d5 2. d4 Nf6 3. c4 e6 4. Nc3 Bb4 5. Bg5 Nbd7 6. e3 c6 7. Qc2 h6 8. Bh4
O-O 9. cxd5 exd5 10. Bd3 Re8 11. O-O Nf8 12. a3 Bd6 13. b4 Bg4 14. Nd2 g5 15.
Bg3 Bxg3 16. hxg3 Bh5 17. b5 Rc8 18. bxc6 bxc6 19. Na4 Qd6 20. Nc5 Ng4 21. Rfe1
Bg6 22. Rab1 Re7 23. Bxg6 Qxg6 24. Qxg6+ Nxg6 25. Rb3 Rce8 26. Rc1 f5 27. Nd3
Rc8 28. Rbc3 Rec7 29. Nb3 Nf6 30. Na5 Ne7 31. f3 Nd7 32. Nb4 Nb8 33. Nb3 Kf7
34. Nc5 Kf6 35. Kf2 a5 36. Nbd3 Nd7 37. Nxd7+ Rxd7 38. Rb1 Ng6 39. Rb6 Ra7 40.
Rbxc6+ Rxc6 41. Rxc6+ Kf7 42. Nc5 Kg7 43. Ra6 Rxa6 44. Nxa6 Kf7 45. Nc7 Ne7 46.
Ke2 Kg6 47. Kd3 h5 48. Kc3 f4 49. gxf4 gxf4 50. Kd3 Kf5 51. Nxd5 Nxd5 52. e4+
Ke6 53. exd5+ Kxd5 54. Kc3 h4 55. Kd3 a4 56. Kc3 Kd6 57. Kc4 Kc6 58. d5+ Kd6
59. Kd4 Kd7 60. Ke5 Ke7 61. Kxf4 Kd6 62. Ke4 Kc5 63. f4 Kc4 64. d6 Kb3 65. d7
Kxa3 66. d8=Q 1-0

[Event "Carnaval"]
[Site "Quebec CAN"]
[Date "2006.02.19"]
[Round "4"]
[White "Masse, Hugues"]
[Black "Auger, Bertrand"]
[Result "1/2-1/2"]
[WhiteElo "2296"]
[BlackElo "2013"]
[PlyCount "82"]
[EventDate "2006.02.17"]
[EventType "swiss"]
[EventRounds "5"]
[EventCountry "CAN"]

1. d4 e6 2. c4 Nf6 3. Nc3 Bb4 4. Qc2 O-O 5. a3 Bxc3+ 6. Qxc3 b6 7. Bg5 Bb7 8.
e3 d5 9. cxd5 Qxd5 10. Bxf6 gxf6 11. f3 Nd7 12. Bd3 Qd6 13. Ne2 c5 14. O-O Rac8
15. Qd2 f5 16. Rfd1 Rfd8 17. Qe1 Qe7 18. Rac1 Kh8 19. dxc5 Rxc5 20. b4 Rxc1 21.
Rxc1 Ne5 22. Qc3 f6 23. Nf4 Rd6 24. Be2 Kg7 25. Kf2 Kf7 26. Rd1 Rxd1 27. Bxd1
Ng6 28. Ne2 Qd7 29. Bb3 Ne7 30. Nf4 Nd5 31. Qd4 Ke7 32. Nxd5+ Bxd5 33. Bxd5
exd5 34. Kg3 Qc7+ 35. Kh3 Qe5 36. g3 Kf7 37. Kg2 Kg6 38. b5 Qxd4 39. exd4 f4
40. gxf4 f5 41. Kg3 Kh6 1/2-1/2

[Event "Carnaval"]
[Site "Quebec CAN"]
[Date "2006.02.19"]
[Round "4"]
[White "Sauve, Richard"]
[Black "Kougioumoutzakis, Tony"]
[Result "1-0"]
[WhiteElo "1883"]
[BlackElo "1833"]
[PlyCount "75"]
[EventDate "2006.02.17"]
[EventType "swiss"]
[EventRounds "5"]
[EventCountry "CAN"]

1. d4 Nf6 2. c4 e5 3. dxe5 Ng4 4. Bf4 Nc6 5. Nf3 Bb4+ 6. Nbd2 Qe7 7. e3 Ngxe5
8. Nxe5 Nxe5 9. Be2 d6 10. O-O O-O 11. Nb3 Be6 12. a3 Bxa3 13. Bxe5 dxe5 14.
bxa3 f5 15. Qd2 Rf6 16. f4 e4 17. Nd4 Bf7 18. c5 Kh8 19. Rab1 b6 20. Rfc1 Rf8
21. a4 Bd5 22. cxb6 cxb6 23. Rb5 Bg8 24. Re5 Qa3 25. Kf2 h6 26. Bb5 g5 27. g3
Bh7 28. Qc3 Qa2+ 29. Rc2 Qf7 30. Be2 Bg6 31. Nxf5 Bxf5 32. Rxf5 Qg7 33. Rxf6
Rxf6 34. Qe5 Rf8 35. Qxe4 gxf4 36. exf4 Qf6 37. Bd3 Rf7 38. Rc8+ 1-0